6: L' africana /

সংরক্ষণ করুন:
গ্রন্থ-পঞ্জীর বিবরন
প্রধান লেখক: Muthesius, Alexander (লেখক)
অন্যান্য লেখক: Guttenberg, A. Ch. : De, Nevermann, Hans, Gentilli, Guido (traduttore)
বিন্যাস: গ্রন্থ
ভাষা:ইতালিয়
প্রকাশিত: Milano : Rosso & Nero, 1964
মালা:La donna nel mondo
বিষয়গুলি:
ট্যাগগুলো: ট্যাগ যুক্ত করুন
কোনো ট্যাগ নেই, প্রথমজন হিসাবে ট্যাগ করুন!

MARC

LEADER 00000nam a22000007ib4500
001 IT\ICCU\RAV\0052456
003 ItRI
005 20250913234122.0
008 890630s1964 it |||||| ||||| |||||c
015 |2 IT  |a 642791 
040 |b ita  |c ct 
041 7 |a ita  |2 ISO-639-2 
100 1 |a Muthesius, Alexander  |0 IT\ICCU\RAVV\027245  |4 aut 
240 1 4 |a Die Afrikanerin. -  |9 Muthesius, Alexander 
245 1 6 |a 6: L' africana /  |c Alexander Muthesius. 
260 |a Milano :  |b Rosso & Nero,  |c 1964 
300 |a 277 p., 23 c. di tav. :  |b ill. ;  |c 23 cm 
650 7 |a Donna  |x Africa  |2 scbi 
700 1 |a Guttenberg, A. Ch. : De  |0 IT\ICCU\RAVV\027215 
700 1 |a Nevermann, Hans  |0 IT\ICCU\RAVV\027216 
700 1 |a Gentilli, Guido  |c  (traduttore)  |0 IT\ICCU\SBLV\047351 
773 0 |w IT\ICCU\RAV\0052386  |t Etnografia moderna descrittiva e illustrata  |g 6 
830 3 |a La donna nel mondo  |0 IT\ICCU\RAV\0052387 
942 |2 ddc  |c BK 
952 |0 0  |1 0  |2 ddc  |4 0  |6 B_SSP03MUTALAFR11  |7 0  |9 8487  |a MI  |b MI  |d 2006-01-07  |i 1424  |l 0  |o B-SSP03-MUTAL-AFR11  |p CDOM1424  |r 2025-07-17 21:50:00  |w 2025-07-17  |y BK 
981 1 |6 z01  |a i   |b xxxe  
982 1 |6 z01  |a n 
999 |c 7070  |d 7070